LEADER 01071cam0-22002891i-450- 001 990001153330403321 005 20161102165637.0 035 $a000115333 035 $aFED01000115333 035 $a(Aleph)000115333FED01 035 $a000115333 100 $a20001205d1719----km-y0itay50------ba 101 0 $alat 140 $aa-------------------bb0----- 200 1 $aOptice sive De reflexionibus, refractionibus, inflexionibus & coloribus lucis, libri tres. Authore Isaaco Newton ... Latine reddidit Samuel Clarke ... 205 $aEditio secunda, auctior 210 $aLondini$cimpensis Gul. & Joh. Innys regiae societatis typographorum ad insignia Principis in area occidentali D. Pauli$d1719 215 $a[2], xi, [1], 415, [3] p., V, IV, II, I c. di tav. ripieg.$cill.$d8° 306 $aMarca non controllata sul front. 620 $aGran Bretagna.$dLondra 700 1$aNewton,$bIsaac$f<1642-1727>$04135 801 0$aIT$bUNINA$gRICA$2UNIMARC 901 $aAQ 912 $a990001153330403321 952 $a212-C-13$b03059$fMA1 959 $aMA1 997 $aUNINA LEADER 01425nam a2200313 i 4500 001 991002641549707536 005 20020508203633.0 008 010306s1997 it 000 0 ita d 035 $ab11039607-39ule_inst 035 $aPARLA166458$9ExL 040 $aDip.to Scienze Pedagogiche$bita 082 0 $a370.19 100 1 $aColonna, Salvatore$0220752 245 10$aDiritto allo studio e scuola per la persona /$cSalvatore Colonna 250 $arist 260 $aRoma :$bEUROMA,$c1997 300 $a220 p. ;$c22 cm 650 4$aDiritto allo studio 650 4$aScuola e società 907 $a.b11039607$b02-04-14$c28-06-02 912 $a991002641549707536 945 $aLE022 370 COL01.01 C.03$g3$i2022000016667$lle022$o-$pE0.00$q-$rl$s- $t0$u0$v0$w0$x0$y.i11162223$z28-06-02 945 $aLE022 370 COL01.01 C.01$g4$i2022000016674$lle022$o-$pE0.00$q-$rl$s- $t0$u0$v0$w0$x0$y.i11162235$z28-06-02 945 $aLE022 370 COL01.01 C.02$g5$i2022000016681$lle022$o-$pE0.00$q-$rl$s- $t0$u1$v0$w1$x0$y.i11162247$z28-06-02 945 $aLE022 MP 67 H 49$g1$i2022000146326$lle022$nS.i.$o-$pE0.00$q-$rl$s- $t0$u0$v0$w0$x0$y.i13113951$z23-02-04 945 $aLE022 MP 67 H 49 oct$g2$i2022000043683$lle022$nLE022N-1976$o-$pE0.00$q-$rl$s- $t0$u0$v0$w0$x0$y.i13113963$z23-02-04 996 $aDiritto allo studio e scuola per la persona$9203085 997 $aUNISALENTO 998 $ale022$b01-01-01$cm$da $e-$fita$git $h0$i3